IMIONA - Statystyki

Ogólne statystyki
  • Ten quiz został rozwiązany 42 razy
  • Średni wynik to 127 z 248
Statystyki odpowiedzi
Odpowiedź % Poprawnych
Aleksandra
95%
Julia
89%
Anna
87%
Jakub
87%
Katarzyna
87%
Paweł
87%
Aleksander
84%
Michał
84%
Paulina
84%
Piotr
84%
Wiktor
84%
Adam
82%
Agnieszka
82%
Franciszek
82%
Jan
82%
Maria
82%
Mateusz
82%
Oliwia
82%
Wiktoria
82%
Andrzej
79%
Bartosz
79%
Dominik
79%
Joanna
79%
Kacper
79%
Krzysztof
79%
Weronika
79%
Zofia
79%
Barbara
76%
Grzegorz
76%
Łucja
76%
Szymon
76%
Amelia
74%
Dawid
74%
Dominika
74%
Kamil
74%
Karolina
74%
Magdalena
74%
Stanisław
74%
Tomasz
74%
Zuzanna
74%
Antoni
71%
Daniel
71%
Dariusz
71%
Emil
71%
Halina
71%
Małgorzata
71%
Mariusz
71%
Martyna
71%
Monika
71%
Patrycja
71%
Urszula
71%
Adrian
68%
Emilia
68%
Ewa
68%
Helena
68%
Lena
68%
Łukasz
68%
Maciej
68%
Maja
68%
Marek
68%
Marta
68%
Mikołaj
68%
Sebastian
68%
Sylwia
68%
Agata
66%
Artur
66%
Bartłomiej
66%
Cezary
66%
Elżbieta
66%
Henryk
66%
Kinga
66%
Leon
66%
Robert
66%
Wojciech
66%
Daria
63%
Dorota
63%
Filip
63%
Iwona
63%
Justyna
63%
Laura
63%
Patryk
63%
Beata
61%
Celina
61%
Czesław
61%
Danuta
61%
Gabriel
61%
Grażyna
61%
Iga
61%
Igor
61%
Irena
61%
Izabela
61%
Julian
61%
Klaudia
61%
Nikola
61%
Rafał
61%
Alina
58%
Bogdan
58%
Bożena
58%
Damian
58%
Hanna
58%
Jadwiga
58%
Jarosław
58%
Józef
58%
Kamila
58%
Renata
58%
Róża
58%
Arkadiusz
55%
Eryk
55%
Gabriela
55%
Hubert
55%
Ireneusz
55%
Janusz
55%
Kornel
55%
Kornelia
55%
Krystyna
55%
Marian
55%
Oliwier
55%
Przemysław
55%
Sandra
55%
Teresa
55%
Aneta
53%
Antonina
53%
Edyta
53%
Ewelina
53%
Janina
53%
Kazimierz
53%
Krystian
53%
Lidia
53%
Maksymilian
53%
Marzena
53%
Michalina
53%
Milena
53%
Olga
53%
Pola
53%
Stanisława
53%
Tymoteusz
53%
Bogumił
50%
Jacek
50%
Nadia
50%
Natan
50%
Oskar
50%
Sara
50%
Wiesław
50%
Władysław
50%
Żaneta
50%
Adrianna
47%
Ilona
47%
Jerzy
47%
Leokadia
47%
Ryszard
47%
Tadeusz
47%
Wioletta
47%
Zdzisław
47%
Zenon
47%
Andżelika
45%
Eugeniusz
45%
Ignacy
45%
Jolanta
45%
Lucjan
45%
Ludwik
45%
Marcelina
45%
Nikodem
45%
Radosław
45%
Sylwester
45%
Wiesława
45%
Zbigniew
45%
Alan
42%
Bogusław
42%
Cecylia
42%
Genowefa
42%
Klara
42%
Sławomir
42%
Waldemar
42%
Wanda
42%
Czesława
39%
Edward
39%
Felicja
39%
Tymon
39%
Anita
37%
Bogumiła
37%
Bolesław
37%
Eliza
37%
Fabian
37%
Julita
37%
Lucyna
37%
Miłosz
37%
Roksana
37%
Rozalia
37%
Stefan
37%
Tamara
37%
Teodor
37%
Błażej
34%
Mariola
34%
Marlena
34%
Mieczysław
34%
Sabina
34%
Sonia
34%
Zygmunt
34%
Honorata
32%
Jowita
32%
Kaja
32%
Klaudiusz
32%
Nina
32%
Tatiana
32%
Dagmara
29%
Ida
29%
Matylda
29%
Albert
26%
Bronisław
26%
Józefa
26%
Kalina
26%
Maurycy
26%
Otylia
26%
Gracjan
24%
Judyta
24%
Seweryn
24%
Aurelia
21%
Bernadeta
21%
Diana
21%
Edmund
21%
Eleonora
21%
Remigiusz
21%
Stefania
21%
Tobiasz
21%
Bianka
18%
Faustyna
18%
Feliks
18%
Ksawery
18%
Pamela
18%
Samuel
18%
Witold
18%
Estera
16%
Jędrzej
16%
Kajetan
16%
Melania
16%
Oktawia
16%
Ernest
13%
Brygida
11%
Ferdynand
11%
Ludmiła
11%
Wincenty
11%
Samanta
8%
Sergiusz
8%
Greta
5%
Lesław
5%
Inessa
3%
Ismena
0%
Natlia
0%
Nie znaleziono quizów pasujących do podanych kryteriów
Rozkład punktacji
Procent ludzi z każdym wynikiem
Percentyl według liczby udzielonych odpowiedzi
Twoja historia wyników
Nie rozwiązałeś tego quizu